What's the Time? #2 - Statistics

General Stats
  • This quiz has been taken 701 times
  • The average score is 6 of 10
Answers on the Map
Answers color-coded by a green-red scale on the quiz's map according to % correct below.
 
Answer Stats
Time % Correct
4:05
99%
11:50
94%
10:15
92%
6:05
92%
4:40
72%
6:15
72%
9:35
43%
11:25
39%
7:20
22%
3:05
19%
No matching quizzes found
Score Distribution
Percent of People with Each Score
Percentile by Number Answered
Your Score History
You have not taken this quiz